El enigma de los cánones

Gardado en:
Detalles Bibliográficos
Autor Principal: Vega, Marcos (Author)
Formato: Libro
Idioma:Lingua castelá
Publicado: Madrid, España. Carisch, 2001
Subjects:
Acceso en liña:Disponible Online
Tags: Engadir etiqueta
Sen Etiquetas, Sexa o primeiro en etiquetar este rexistro!

MARC

LEADER 00000cam a2200000 a 4500
001 UCF0187
003 CL-VaPUC
005 20211028074345.0
008 120427e20010000SP |||||||||||||||||spa|d
999 |c 347667  |d 347665 
020 |a 9788438700976 
040 |c Pontificia Universidad Católica de Valparaíso 
082 0 4 |a Co782.5 VEG 2001  |2 21 
100 0 |a Vega, Marcos  |e author  |9 562070 
245 1 3 |a El enigma de los cánones 
260 |a Madrid, España.  |b Carisch,  |c 2001 
300 |a 174 páginas  
583 |a last modification  |c 20120910 08:57:37  |k Rodrigo Vera 
650 0 |a Música coral   |9 327326 
650 7 |a Cánones  |2 CL-VaPUC  |9 463716 
650 0 |a Partituras  |9 324008 
856 |u http://bibliografiadigital.pucv.cl.pucv.idm.oclc.org/index.php/bibliotecapucv/catalog/book/822  |y Disponible Online  
942 |c BK  |2 ddc 
945 |d 20120427 00:00:00  |a dcastane 
952 |0 0  |1 0  |4 0  |6 CO_782_500000000000000_VEG_2001  |7 0  |8 X  |9 449141  |a BIBEDU  |b BIBEDU  |d 2019-11-22  |i 4859049  |l 2  |o Co782.5 VEG 2001  |p 4859049  |r 2023-11-22  |s 2022-06-07  |w 2019-11-22  |y BK_X  |k MUS